000 00855nam a2200253Ia 4500
003 OSt
005 20221005093526.0
006 a|||||r|||| 00| 0
007 ta
008 221004b |||||||| |||| 00| 0 eng d
020 _a9781443868778 (hbk)
_c4472.18
024 _a22199
037 _b105448, 18/03/2015, International Book Distributors
_cTextual
040 _aCRL
_cCRL
_beng
041 _2eng
_aeng
082 _aO111944:g(Y15), Q5
100 _aMehta Sandhya Rao Ed.
_9618469
245 0 _aExploring gender in the literature of the Indian diaspora
260 _aNewcastle
_bCambridge Scholar UK
_c2015
300 _axi,200p.
_ccm.
650 _aENGLISH LITERATURE
942 _hO111944:g(Y15), Q5
_cTEXL
_2cc
999 _c1000533
_d1000533